Name These San Francisco Things! - Statistics

General Stats
  • This quiz has been taken 25 times
  • The average score is 10 of 16
Answer Stats
Picture Answer % Correct
Golden Gate Bridge
100%
Alcatraz
88%
Chinatown
88%
Cable Car
71%
Fog/ Carl the Fog
65%
Lombard St.
65%
Painted Ladies
65%
Coit Tower
59%
Fisherman’s Wharf
59%
Golden Gate Park
53%
Salesforce Tower
53%
The Presidio
53%
Ferry Building
41%
Hills
41%
Sutro Tower
35%
Union Square
29%
No matching quizzes found
Score Distribution
Percent of People with Each Score
Percentile by Number Answered
Your Score History
You have not taken this quiz